000 00228nam a22000857a 4500
008 160716b xxu||||| |||| 00| 0 eng d
100 _92953
_a Austen, J
245 _aPride and Prejudice
260 _aNew Delhi
_bOrient Publication
_c2003
999 _c2517
_d2517